Biblioteca

Applying the biblie / Jack Kuhatschek (Registro nro. 43951)

Detalles MARC
000 -LÍDER
Campo fijo de descripción fija 004970000a22001810004500
020 ## - NÚMERO INTERNACIONAL NORMALIZADO PARA LIBROS
Número Internacional Normalizado del libro 0-8308-1268-7
041 0# - CÓDIGO DE IDIOMA
Código de idioma para texto/pista de sonido o título separado
082 04 - NÚMERO DE CLASIFICACIÓN DECIMAL DEWEY
Número de clasificación E 220. 6 K9611
001 - NÚMERO DE CONTROL
Campo de control 17289
100 1# - ASIENTO PRINCIPAL--NOMBRE PERSONAL
Nombre personal Kuhatschek, Jack
245 10 - TÍTULO
Título del Material Applying the biblie / Jack Kuhatschek
260 ## - PUBLICACIÓN, DISTRIBUCIÓN, ETC. (PIE DE IMPRENTA)
Lugar de publicación, distribución, etc. Downers Grove, Illinois : Intervarsity press, 1990
300 ## - DESCRIPCIÓN FÍSICA
Extensión 163 p.
505 00 - NOTA DE CONTENIDO
Nota de contenido con formato preestablecido Los principios de interpretación bíblica
650 14 - ASIENTO SECUNDARIO DE MATERIA - TERMINO TEMÁTICO
Término temático o nombre geográfico como elemento de entrada INTERPRETACION DE LA BIBLIA
942 ## - TIPO DE MATERIAL (KOHA)
Tipo de Item KOHA Libros General
Existencias
Estado de Material Estado de Perdido Volumen-Parte/Tomo Estado de Dañado No para Préstamo Colección Tomo Biblioteca de Origen Biblioteca Permanente Fecha de Adquisición Total de Préstamos Signatura Topográfica Código de Barras Última vez visto Ejemplar/Existencia Fecha de Remplazo Tipo de Material
          Colección Esendek   Biblioteca FUSBC Biblioteca FUSBC 15/12/2011   E 220. 6 K9611 23655 12/12/2019 1 26/01/2016 Libros General

Biblioteca FUSBC | Teléfono: (57+4) 349 88 10 Ext. 141| WhatsApp (+57) 3005338115 
E-mail: biblioteca@unisbc.edu.co | Calle 76 87-14 Robledo Palenque, Medellín, Colombia

Con tecnología Koha